Normal view MARC view

Entry Personal Name

Number of records used in: 1

001 - CONTROL NUMBER

  • control field: 265759

003 - CONTROL NUMBER IDENTIFIER

  • control field: OSt

005 - DATE AND TIME OF LATEST TRANSACTION

  • control field: 20260619124040.0

008 - FIXED-LENGTH DATA ELEMENTS

  • fixed length control field: 260619|| aca||aabn | a|a d

040 ## - CATALOGING SOURCE

  • Original cataloging agency: OSt
  • Transcribing agency: OSt

100 ## - HEADING--PERSONAL NAME

  • Personal name: ASHOKA ALVA (K).
  • Dates associated with a name: ಅಶೋಕ ಆಳ್ವ (ಕೆ.)

670 ## - SOURCE DATA FOUND

  • Source citation: Work cat.: (OSt)106068: ASHOKA ALVA (K). ಅಶೋಕ ಆಳ್ವ (ಕೆ.), Kodagina janapada kunitagala samskratika adhyayana., 2003